| 000 | 00416nam a22001697a 4500 | ||
|---|---|---|---|
| 003 | CEME | ||
| 005 | 20210628201942.0 | ||
| 008 | 210129b xxu||||| |||| 00| 0 eng d | ||
| 040 | _c. | ||
| 082 | _a891.4391 FAI | ||
| 100 |
_aFaiz, Faiz Ahmad _957569 |
||
| 245 | _aNushka hai wafa | ||
| 260 |
_aLAHORE _bE.J.BRILL,MAKTABA KARAVAN _c2000 |
||
| 300 | _a703P | ||
| 650 |
_aURDU ADAB-POETRY _928226 |
||
| 942 |
_cBK _2ddc |
||
| 999 |
_c567838 _d567838 |
||